<?xml version="1.0" encoding="UTF-8"?>
<marc:record xmlns:marc="http://www.loc.gov/MARC21/slim">
   <marc:leader>00000nam a2200000 a 4500</marc:leader>
   <marc:datafield ind1="1" ind2=" " tag="100">
      <marc:subfield code="a">Orlovský, Sarah Michaela</marc:subfield>
      <marc:subfield code="4">aut</marc:subfield>
      <marc:subfield code="e">Verfasser/-in</marc:subfield>
   </marc:datafield>
   <marc:datafield ind1="1" ind2=" " tag="100">
      <marc:subfield code="a">Maslowska, Monika</marc:subfield>
      <marc:subfield code="4">aut</marc:subfield>
      <marc:subfield code="e">Verfasser/-in</marc:subfield>
   </marc:datafield>
   <marc:datafield ind1="0" ind2="0" tag="245">
      <marc:subfield code="a">Maulwurf und ich</marc:subfield>
   </marc:datafield>
   <marc:datafield ind1="0" ind2="0" tag="245">
      <marc:subfield code="c">Sarah Michaela Orlovský ; Monika Maslowska</marc:subfield>
   </marc:datafield>
   <marc:datafield ind1=" " ind2="1" tag="264">
      <marc:subfield code="a">Innsbruck ; Wien</marc:subfield>
      <marc:subfield code="b">Tyrolia Verlag</marc:subfield>
      <marc:subfield code="c">2022</marc:subfield>
   </marc:datafield>
   <marc:datafield ind1="1" ind2=" " tag="520">
      <marc:subfield code="a">Der Keller: für Kinder meistens ein etwas gruseliger Ort der Mutproben und Abenteuer, ganz alltäglich ein Platz für Vorräte und andere Dinge und nun leider wieder einmal ein Raum des Schutzes und der Rettung. Mauern, die behüten und trennen, die sichern und einengen zugleich. Die zum neuen, ungewollten Lebensraum werden auf unbestimmte Zeit.</marc:subfield>
   </marc:datafield>
   <marc:datafield ind1=" " ind2=" " tag="020">
      <marc:subfield code="a">9783702240929</marc:subfield>
      <marc:subfield code="9">9783702240929</marc:subfield>
   </marc:datafield>
   <marc:datafield ind1=" " ind2=" " tag="020">
      <marc:subfield code="a">3702240926</marc:subfield>
      <marc:subfield code="9">3702240926</marc:subfield>
   </marc:datafield>
   <marc:datafield ind1=" " ind2=" " tag="300">
      <marc:subfield code="a">26 Seiten : Illustrationen</marc:subfield>
   </marc:datafield>
</marc:record>
